[Event "Araraquara op 2nd"]
[Site "Araraquara"]
[Date "2024.02.13"]
[Round "7"]
[White "Tsiloufas, Elena Maria"]
[Black "Lorenzetti, Leticia Sylvestre"]
[Result "0-1"]
[WhiteElo "1629"]
[BlackElo "1322"]
[PlyCount "86"]
[EventDate "2024.02.10"]
[EventType "swiss"]
[EventRounds "7"]
[EventCountry "BRA"]
[SourceTitle "CBM 218 Extra"]
[Source "ChessBase"]
[SourceDate "2024.03.31"]
[SourceVersion "1"]
[SourceVersionDate "2024.03.31"]
[SourceQuality "1"]

1. e4 c5 2. Nf3 a6 3. c4 d6 4. d4 cxd4 5. Nxd4 Nf6 6. Nc3 Nbd7 7. Nf3 b6 8. Be3 Bb7 9. Bd3 e6 10. Bc2 Be7 11. h3 Rc8 12. b3 d5 13. e5 Bb4 14. Bd2 Bxc3 15. Bxc3 Ne4 16. Bd2 Nxd2 17. Qxd2 dxc4 18. bxc4 Rxc4 19. 0-0 Rc8 20. Bb1 Bxf3 21. gxf3 Nxe5 22. Qxd8+ Rxd8 23. f4 Ng6 24. Bxg6 hxg6 25. Kh2 Rd3 26. Rac1 Rhxh3+ 27. Kg1 Rc3 28. Rb1 b5 29. Rfe1 Ra3 30. Ra1 Rhf3 31. Rf1 Rxf4 32. f3 Rfxf3 33. Rxf3 Rxf3 34. Kg2 Ra3 35. Kf2 b4 36. Rc1 Rxa2+ 37. Kg1 b3 38. Rc8+ Kd7 39. Rg8 b2 40. Kg2 b1Q+ 41. Kg3 Qb3+ 42. Kg4 Ra4+ 43. Kg5 Qb5# 0-1

[Event "Araraquara op 2nd"]
[Site "Araraquara"]
[Date "2024.02.11"]
[Round "4"]
[White "Lorenzetti, Leticia Sylvestre"]
[Black "Trombini, Fabio"]
[Result "0-1"]
[WhiteElo "1322"]
[BlackElo "1800"]
[PlyCount "78"]
[EventDate "2024.02.10"]
[EventType "swiss"]
[EventRounds "7"]
[EventCountry "BRA"]
[SourceTitle "CBM 218 Extra"]
[Source "ChessBase"]
[SourceDate "2024.03.31"]
[SourceVersion "1"]
[SourceVersionDate "2024.03.31"]
[SourceQuality "1"]

1. e4 c5 2. Nf3 e6 3. d4 cxd4 4. Nxd4 Nf6 5. Nc3 d6 6. Bd3 a6 7. Be3 Be7 8. f3 Qc7 9. Qd2 Nbd7 10. Nb3 b5 11. Qf2 0-0 12. h4 Bb7 13. g4 Ne5 14. Bb6 Qb8 15. Na5 Bc8 16. Be3 Qc7 17. Nb3 Nc4 18. Bxc4 Qxc4 19. Na5 Qc7 20. Bb6 Qd7 21. h5 Qe8 22. g5 Nd7 23. g6 Nxb6 24. h6 fxg6 25. hxg7 Rf7 26. Qxb6 Bd8 27. Qd4 Bxa5 28. 0-0-0 Bc7 29. Rxh7 e5 30. Rh8+ Kxg7 31. Rxe8 exd4 32. Nd5 Bb7 33. Nxc7 Rxc7 34. Re6 Rd7 35. Rxd4 Rf8 36. Rd3 Rfd8 37. e5 dxe5 38. Rxd7+ Rxd7 39. Rxe5 Bxf3 0-1

[Event "Araraquara op"]
[Site "Araraquara"]
[Date "2023.02.21"]
[Round "5.42"]
[White "Lorenzetti, Leticia Sylvestre"]
[Black "Barberi, Catarina"]
[Result "1/2-1/2"]
[WhiteElo "1800"]
[BlackElo "1433"]
[PlyCount "80"]
[EventDate "2023.02.19"]
[EventType "swiss"]
[EventRounds "6"]
[EventCountry "BRA"]
[SourceTitle "CBM 213 Extra"]
[Source "ChessBase"]
[SourceDate "2023.05.31"]
[SourceVersion "1"]
[SourceVersionDate "2023.05.31"]
[SourceQuality "1"]

1. e4 c5 2. Nf3 e6 3. d4 cxd4 4. Nxd4 Nf6 5. f3 Nc6 6. Nb3 Be7 7. a3 0-0 8. Nc3 d5 9. Be3 dxe4 10. fxe4 b6 11. Bd3 Bb7 12. Qe2 Qd7 13. 0-0-0 Rad8 14. Rd2 Qc7 15. g4 Ne5 16. Bf4 Nxd3+ 17. cxd3 Qxf4 18. h3 Qc7 19. Kb1 a6 20. h4 g6 21. h5 Qf4 22. hxg6 fxg6 23. Rg1 e5 24. Rdd1 Qg5 25. d4 exd4 26. Nxd4 Qe5 27. Qc4+ Kh8 28. Ne6 Rxd1+ 29. Rxd1 Bxe4+ 30. Nxe4 Qxe4+ 31. Qxe4 Nxe4 32. Nxf8 Bxf8 33. Rd4 Nf2 34. Rf4 Bc5 35. b4 Be3 36. Rf3 Nxg4 37. Rf8+ Kg7 38. Ra8 a5 39. bxa5 bxa5 40. Rxa5 h5 1/2-1/2

[Event "Araraquara op"]
[Site "Araraquara"]
[Date "2023.02.19"]
[Round "1.36"]
[White "Lorenzetti, Leticia Sylvestre"]
[Black "Simao, Carlos Eduardo de O"]
[Result "0-1"]
[WhiteElo "1800"]
[BlackElo "1851"]
[PlyCount "74"]
[EventDate "2023.02.19"]
[EventType "swiss"]
[EventRounds "6"]
[EventCountry "BRA"]
[SourceTitle "CBM 213 Extra"]
[Source "ChessBase"]
[SourceDate "2023.05.31"]
[SourceVersion "1"]
[SourceVersionDate "2023.05.31"]
[SourceQuality "1"]

1. e4 c5 2. Nf3 Nc6 3. d4 cxd4 4. Nxd4 Nf6 5. Nc3 e5 6. Nb3 Bb4 7. f3 d5 8. a3 Bxc3+ 9. bxc3 dxe4 10. Qxd8+ Nxd8 11. fxe4 Nxe4 12. Bb2 0-0 13. Bd3 Nd6 14. Rd1 e4 15. Be2 Nf5 16. Kf2 e3+ 17. Ke1 Ne6 18. Bg4 e2 19. Bxe2 Ne3 20. Rc1 Nxg2+ 21. Kf2 Ngf4 22. Rcd1 Nxe2 23. Kxe2 b6 24. Nd4 Nc5 25. Kd2 Ne4+ 26. Ke3 Re8 27. Kf3 Bb7 28. Rde1 Nxc3+ 29. Kf2 Bxh1 30. Rxh1 Na4 31. Ba1 Rad8 32. Rg1 Nc5 33. Nf5 g6 34. Nh6+ Kf8 35. Rf1 Rd2+ 36. Kg1 f5 37. c3 Rde2 0-1